[Event "Chinese Chess League 2019"]
[Site "Shen Yang"]
[Date "2019.12.04"]
[Round "19.16"]
[White "Yu, Yangyi"]
[Black "Peng, Xiongjian"]
[Result "1/2-1/2"]
[WhiteElo "2753"]
[BlackElo "2486"]
[Annotator "TA"]
[PlyCount "63"]
[EventDate "2019.04.09"]
[EventType "team-tourn"]
[EventCountry "CHN"]
[SourceTitle "playchess.com"]
[Source "ChessBase"]
[SourceQuality "1"]

{[%evp 17,63,34,26,0,11,11,39,17,38,0,-4,0,6,0,0,-4,0,0,0,0,0,0,0,0,0,0,-2,-12,0,0,56,0,0,0,0,0,0,0,0,-19,0,0,0,-39,0,0,0,-47]} 1. e4 e5 2. Nf3 Nc6 3. Bb5 Nf6 4. O-O Nxe4 5. d4 Nd6 6. Bxc6 dxc6 7. dxe5 Nf5 8. Qxd8+ Kxd8 9. Nc3 {[%cal Bb1c3,Bc3e2,Be2d4][%mdl 32]} Ke8 10. a4 {C67: Ruy Lopez: Berlin Defence: 4 0-0 Nxe4} (10. h3 h5 11. Bg5 Be6 12. Rfd1 Be7 13. Rd2 Rd8 14. Rxd8+ Bxd8 15. Rd1 Be7 16. b3 h4 17. Kf1 Rh5 18. Bc1 {½-½ (67) Aronian,L (2765)-Karjakin,S (2750) Saint Louis 2019}) 10... a5 11. Rd1 h5 $146 ({Predecessor:} 11... h6 12. h3 Be6 13. g4 Ne7 14. Nd4 Bd7 15. Bf4 h5 16. f3 hxg4 17. hxg4 Rc8 18. Bg3 Nd5 19. Ne4 c5 20. Nb5 {½-½ (67) Fedorchuk,S (2652)-Ismagambetov,A (2477) Tashkent 2013}) 12. Bg5 {[%csl Gg5][%cal Rd1d8] [#] White is slightly better.} Be6 13. Ne2 Bd5 $1 14. Nfd4 Nxd4 15. Nxd4 Be7 16. h4 (16. Bd2 {is interesting.} h4 17. Rac1 Rh5 18. c4 Be6 19. h3) 16... Bxg5 (16... Be4 {looks sharper.} 17. c3 Bg6 18. Bf4 Bxh4 19. e6 Bf6) 17. hxg5 g6 18. Rd2 Ke7 19. Rad1 Rhd8 20. b3 Be6 21. c4 Rd7 22. Kf1 Rad8 {[#] ...Bg4 is the strong threat.} 23. Ke2 Ke8 (23... Bg4+ $11 24. f3 Be6) 24. Ke3 (24. Nxe6 $14 Rxd2+ 25. Rxd2 Rxd2+ 26. Kxd2 fxe6 27. Ke2) 24... Ke7 $11 25. f3 Rh8 26. Ne2 Rhd8 27. Rxd7+ Rxd7 28. Rh1 Bf5 {Threatens to win with ...Rd3+.} 29. Nd4 Be6 $1 30. Ne2 ({But not} 30. Nxe6 Kxe6 31. f4 c5 $15) 30... Bf5 {Strongly threatening ...Rd3+.} 31. Nd4 Be6 $1 32. Ne2 {Accuracy: White = 65%, Black = 49%.} ({Don't play} 32. Nxe6 Kxe6 33. f4 Kf5 $17) 1/2-1/2

[Event "Chinese Chess League 2019"]
[Site "Shen Yang"]
[Date "2019.12.04"]
[Round "19.17"]
[White "Li, Chao b"]
[Black "Nie, Xinyang"]
[Result "1/2-1/2"]
[WhiteElo "2687"]
[BlackElo "2351"]
[Annotator "TA"]
[PlyCount "71"]
[EventDate "2019.04.09"]
[EventType "team-tourn"]
[EventCountry "CHN"]
[SourceTitle "playchess.com"]
[Source "ChessBase"]
[SourceQuality "1"]

{[%evp 9,71,18,40,-4,95,95,93,100,263,250,274,262,249,222,256,64,112,64,66,63,55,13,13,15,23,12,18,13,14,14,15,18,45,32,36,10,18,15,33,27,26,23,36,0,0,0,0,-17,0,0,0,-73,-77,-106,-73,-79,-79,-256,-229,-387,-386,-387,-387,-355]} 1. d4 d5 2. c4 e6 3. Nc3 a6 4. cxd5 exd5 5. Qb3 c5 6. e4 $146 {D31: Queen's Gambit Declined: Semi-Slav without ...Nf6 (+ Marshall Gambit and Noteboom) and Exchange Variation lines without ...Nf6} ({Predecessor:} 6. Qxd5 cxd4 7. Qxd8+ Kxd8 8. Nd5 Be6 9. Nf4 Bb4+ 10. Bd2 Bxd2+ 11. Kxd2 Nf6 12. g3 Nc6 {½-½ (31) Vidit,S (2718)-Rakhmanov,A (2606) Khanty-Mansiysk 2019}) 6... dxe4 (6... Nc6 $11) 7. Bc4 $16 (7. Nxe4 $6 Nf6 $11) 7... Qd7 8. Nxe4 {White is better.} cxd4 $2 {[#]} (8... b5 $16 {was called for.} 9. Bd5 Nc6) 9. Nf3 $1 $18 b5 10. Bd5 Nc6 {[%cal Bb8c6,Bc6a5,Ba5c4][%mdl 32]} 11. Neg5 Nh6 {[#]} 12. O-O $2 ({White has to play} 12. Bd2 $1 $18) 12... Na5 $1 $14 {[%cal Ra5b3]} 13. Bxf7+ Qxf7 14. Re1+ Be7 15. Qa3 (15. Nxf7 $2 Nxb3 16. Bg5 Nxf7 $17) (15. Qd3 $5 {[%cal Rg5f7]} Qd5 16. Re5 $15) 15... Nc4 $1 {[%cal Rc4a3]} ({Don't play} 15... Qf6 16. Nxh7 Rxh7 17. Bg5 $16) 16. Qc5 $1 Qf6 {[#]} 17. Rxe7+ $1 {[%mdl 512]} Qxe7 18. Qc6+ {[%mdl 64] Double Attack} Qd7 $1 {[%cal Rd7c6]} 19. Qxa8 {Hoping for b3.} O-O $1 {Threatens to win with ...d3.} 20. b3 Nb6 {[#]} 21. Qe4 $1 {[%csl Gg5][%cal Re4h7][%mdl 576] Double Attack} Nf5 22. Bb2 h6 23. Ne5 Qb7 24. Qxb7 Bxb7 25. Ngf3 Nd5 26. Rc1 Nf4 $36 {[%mdl 2048] aiming for ...Ne2+. Black is more active.} 27. Rc7 Be4 28. Kf1 Nxg2 {[%mdl 64] Decoy} 29. Kxg2 {Kf1 is the strong threat.} Nh4+ $1 {[%mdl 64] Double Attack} 30. Kg3 (30. Kf1 $11 {remains equal.} Nxf3 31. Nxf3 Bxf3 32. Bxd4) 30... Nxf3 $17 31. Nd7 Rd8 32. Nc5 Bd5 33. b4 $2 (33. Ne6 $17 {was worth a try.} Bxe6 34. Kxf3) 33... Rd6 $19 {And now ...Rg6+ would win.} 34. h3 $2 (34. Rc8+ Kh7 35. Rf8) 34... Rg6+ 35. Kf4 Rf6+ 36. Kg3 {[%mdl 32768] Accuracy: White = 44%, Black = 63%. . An unexpected result.} 1/2-1/2

[Event "Chinese Chess League 2019"]
[Site "Shen Yang"]
[Date "2019.12.04"]
[Round "19.18"]
[White "Wang, Yiye"]
[Black "Naiditsch, Arkadij"]
[Result "1/2-1/2"]
[WhiteElo "2439"]
[BlackElo "2617"]
[Annotator "TA"]
[PlyCount "112"]
[EventDate "2019.04.09"]
[EventType "team-tourn"]
[EventCountry "CHN"]
[SourceTitle "playchess.com"]
[Source "ChessBase"]
[SourceQuality "1"]

{[%evp 9,112,17,16,6,33,-17,10,0,9,-12,1,-79,60,42,60,50,138,139,169,79,90,90,95,89,68,13,25,-23,-32,0,0,-25,-10,-105,-108,-79,-78,-85,106,101,102,105,125,117,125,0,0,0,0,0,0,0,0,-21,-49,-42,-38,-41,-39,-49,-42,-54,-6,-17,0,-8,-8,-8,-8,-4,0,0,0,0,0,0,0,0,0,0,0,0,0,-72,-72,-72,0,-47,-47,-47,-40,-33,-44,-72,-70,-72,-72,-72,-72,-71,-71,-71,-71,-79,-71]} 1. Nf3 Nf6 2. g3 b5 3. Bg2 Bb7 4. Na3 a6 5. c4 e5 6. b3 {A05: Réti Opening: 1 Nf3 Nf6} e4 7. Nd4 h5 $146 ({Predecessor:} 7... c5 8. Nf5 g6 9. Ne3 d5 10. cxd5 Nxd5 11. Nxd5 Bxd5 12. Bb2 f6 13. Nc2 {1-0 (36) Svidler,P (2739)-Usmanov,V (2452) St Petersburg 2015}) 8. Bb2 {The position is equal.} h4 9. d3 d5 10. cxd5 (10. O-O $11 {remains equal.}) 10... Nxd5 (10... Qxd5 $17 {aiming for ...Bxa3.} 11. Nac2 hxg3 12. fxg3 Nbd7) 11. dxe4 ({But not} 11. Bxe4 Bb4+ 12. Kf1 Nc3 $17) 11... Bb4+ 12. Kf1 Nc3 (12... Bc3 $1 $14 13. Qb1 Bxb2 14. Qxb2 Ne7) 13. Qd3 $1 $16 c5 {[#]} 14. Nac2 ({Much less strong is} 14. Bxc3 $6 Bxc3 15. Qxc3 cxd4 $14) (14. Nf5 $1 $18 {[%cal Rf5g7] and White stays clearly on top.} Qxd3 15. exd3) 14... cxd4 15. Nxb4 h3 16. Bf3 O-O 17. Nd5 ({White should try} 17. Bxc3 $14 dxc3 18. Qxc3) 17... Nc6 $1 $11 18. Nxc3 Ne5 19. Qd2 {Threatens to win with Nd5.} dxc3 20. Qxc3 f6 21. Qe3 (21. Bh5 $11) 21... Nxf3 $17 22. exf3 Rc8 23. Bc3 {[#] Black should prevent Ke2.} Rf7 $2 (23... a5 $1 $17 24. Ke1 b4) 24. Ke2 $16 b4 25. Rhd1 ({Stronger than} 25. Bxb4 Rc2+ 26. Bd2 Rd7 $15) 25... Qa5 26. Bb2 f5 27. e5 (27. Ke1 $16) 27... Rc2+ $11 28. Rd2 f4 29. gxf4 Qb5+ 30. Ke1 Rxd2 31. Qxd2 (31. Kxd2 {is interesting.} Rd7+ 32. Ke1 Rd3 33. Qc1 Kh7 34. f5) 31... Bxf3 {...Rxf4! is the strong threat.} 32. Rc1 Rxf4 $1 33. Rc4 Rxc4 34. bxc4 Qxc4 {White must now prevent ...Bg4.} 35. Qe3 Qg4 {( -> ...Qg1+)} 36. Qd4 Qe6 37. Qd8+ Kf7 38. Qc7+ Kg6 39. Qd6 Bd5 40. Qxb4 Qf5 41. Qd6+ Be6 {And now ...Qb1+ would win.} 42. Qd4 Qc2 43. Bc3 Qxa2 44. Qd3+ Bf5 45. Qg3+ Kf7 46. e6+ (46. Qf3 $11 {keeps the balance.} Qb1+ 47. Kd2) 46... Qxe6+ $17 47. Qe5 Qg6 (47... Qxe5+ $17 48. Bxe5 a5) 48. Qc7+ Kg8 49. Qd8+ Kh7 {Strongly threatening ...Qg1+.} 50. Qh4+ Qh6 51. Qxh6+ Kxh6 $15 {KB-KB} 52. Be5 a5 {[%cal Ba6a5,Ba5a4][%mdl 32] Black is better.} 53. Kd2 a4 54. Kc3 g5 55. Kb4 Bd7 56. Bg3 Kh5 {Accuracy: White = 41%, Black = 63%.} 1/2-1/2

[Event "Chinese Chess League 2019"]
[Site "Shen Yang"]
[Date "2019.12.04"]
[Round "19.19"]
[White "Huang, Qian"]
[Black "Wang, Yu A."]
[Result "1-0"]
[WhiteElo "2427"]
[BlackElo "2275"]
[Annotator "TA"]
[PlyCount "158"]
[EventDate "2019.04.09"]
[EventType "team-tourn"]
[EventCountry "CHN"]
[SourceTitle "playchess.com"]
[Source "ChessBase"]
[SourceQuality "1"]

{[%evp 13,158,0,20,11,18,17,23,17,27,31,37,47,42,37,39,32,35,9,54,54,55,53,50,45,34,25,49,47,53,6,12,8,10,9,60,56,97,97,83,49,58,46,74,49,68,62,53,68,92,84,102,105,115,92,209,195,205,203,196,154,154,154,152,162,185,196,231,212,200,132,141,4,3,4,4,0,30,40,56,45,50,39,222,174,281,281,281,281,281,281,280,280,280,276,260,163,149,141,138,131,260,253,254,265,261,196,223,230,314,196,214,169,169,169,169,169,206,206,206,206,276,276,276,276,276,167,29963,29960,29962,29962,29962,29963,29964,29965,29968,276,29963,29964,29972,29973,29973,29974,29974,29975,29974,29975,29974]} 1. Nf3 d5 2. g3 Nf6 3. Bg2 c6 4. O-O Bf5 5. c4 e6 6. cxd5 exd5 7. d3 Be7 8. Qb3 {A11: English Opening: 1...c6} (8. Qc2 O-O 9. Nc3 Na6 10. a3 d4 11. Nb1 c5 12. Bg5 h6 13. Bxf6 Bxf6 14. Nbd2 Rc8 15. Rfe1 Qd7 {½-½ (68) Duda,J (2717)-Naiditsch,A (2705) Riadh 2017}) 8... Qb6 9. Qc2 O-O 10. Nc3 {White has an edge.} h6 11. e4 dxe4 12. dxe4 Bh7 13. Be3 Qa5 {[#]} 14. Qb3 $146 ({Predecessor:} 14. h3 Nd5 15. Bd2 Nxc3 16. Bxc3 {½-½ (60) Gabuzyan,H (2610)-Matsenko,S (2521) Irving 2019}) 14... Qb4 15. e5 {Strongly threatening Qxb4.} Ne4 16. Qxb4 Bxb4 17. Nxe4 Bxe4 18. Rfd1 Bc2 19. Rdc1 Bh7 20. Rc4 Na6 21. Nd4 Rae8 22. f4 Bd3 23. Rcc1 Bc5 (23... f6 $11) 24. Rc3 $14 Bh7 25. Bf1 $1 $36 {[%cal Rf1a6][%mdl 2048] Bxa6 is the strong threat. White is really pushing.} Bb4 26. Rcc1 {Threatens to win with Bxa6.} Nc7 $1 27. Nb3 f6 28. a3 Be7 29. Bxa7 fxe5 30. fxe5 Bg5 31. Re1 Rf3 32. Be2 Rf5 33. Bd4 Kh8 {[#]} (33... Ne6 $16) 34. Bg4 $1 $18 Rff8 35. Nc5 Rd8 36. Bf2 Rd2 37. Re2 Rxe2 38. Bxe2 Re8 39. Nxb7 Rxe5 40. Bf1 Rd5 41. h4 Bf6 42. Rc1 (42. Re1 $16) 42... Bxb2 $11 43. Rxc6 Rd1 $1 44. Nc5 Nd5 45. Rc8+ Bg8 46. a4 {[%cal Ba3a4,Ba4a5][%mdl 32] aiming for a5.} Kh7 $1 47. Re8 Nc3 $2 ({Better is} 47... Bc3 $14) 48. Re1 Bd5 (48... Ba3 $142) 49. a5 $18 Rxe1 50. Bxe1 Nd1 {Hoping for ...Bd4+.} 51. Bd3+ Kg8 {Threatening ...Bd4+.} 52. Be4 Bd4+ 53. Kh2 Bc4 54. Nd3 Ne3 55. Bb4 Kf7 56. h5 Kf6 {[#]} (56... Ng4+ $16 {was worth a try.} 57. Kg2 Nf6) 57. Bc5 $1 {[%cal Rc5d4]} Ng4+ 58. Kg2 Bc3 59. Bb6 Kg5 60. Nf4 Nf6 61. Bb7 Nxh5 62. Nxh5 Kxh5 63. a6 Bxa6 64. Bxa6 {[%mdl 4096] Endgame} Kg5 65. Be3+ Kf6 66. Be2 Be5 67. Kh3 Bc3 68. Kg4 Be5 69. Bd3 Bc3 $2 (69... h5+ $18 70. Kh4 (70. Kxh5 Bxg3 71. Kg4 Bd6 $11) 70... g6) 70. Bf4 Bd4 71. Kh5 Bc3 72. Bc7 Be1 73. Bd8+ Kf7 74. g4 $2 (74. Bc4+ {mates} Ke8 75. Bc7 Bc3 76. Bd6 Kd7 77. Bc5 Be5 78. g4 Kc6 79. Bf8) 74... Bc3 $2 (74... Kg8 $18 75. Kg6 Kh8) 75. Bc4+ {White mates.} Kf8 76. Kg6 Bd4 77. Ba5 Bf6 78. Bb4+ Ke8 79. Bf7+ Kd8 {Accuracy: White = 73%, Black = 44%.} 1-0

[Event "Chinese Chess League 2019"]
[Site "Shen Yang"]
[Date "2019.12.04"]
[Round "19.20"]
[White "Javakhishvili, Lela"]
[Black "Song, Yuxin"]
[Result "1-0"]
[WhiteElo "2457"]
[BlackElo "2284"]
[Annotator "TA"]
[PlyCount "157"]
[EventDate "2019.04.09"]
[EventType "team-tourn"]
[EventCountry "CHN"]
[SourceTitle "playchess.com"]
[Source "ChessBase"]
[SourceQuality "1"]

{[%evp 24,157,43,27,46,39,49,9,47,7,19,27,22,15,43,39,42,45,45,46,47,47,50,47,54,55,56,47,52,50,50,54,52,50,54,51,48,43,46,35,35,42,35,12,33,0,47,15,15,22,29,21,12,16,60,6,5,0,0,0,0,0,0,0,0,0,59,22,59,59,60,67,68,68,68,68,131,22,22,22,22,22,22,23,23,23,23,0,23,0,0,0,0,0,0,0,222,178,711,0,0,0,50,56,12825,12811,12817,9548,12833,12833,12833,12834,12836,12823,12812,9307,4058,1907,12840,12840,12841,12841,12843,12842,12845,12846,12846,12844,29987,29988,29988,29989,29989,29990,29992,29993]} 1. d4 Nf6 2. c4 e6 3. Nf3 d5 4. Nc3 Nbd7 5. cxd5 exd5 6. Bg5 c6 7. Qc2 Be7 8. e3 O-O 9. Bd3 Re8 10. O-O h6 11. Bf4 Nf8 12. h3 Ne6 13. Bh2 a6 {D36: Queen's Gambit Declined: Exchange Variation: Main line (5 Bg5 c6 6 Qc2)} 14. Rad1 Bd6 15. Ne5 c5 {The position is equal.} (15... Qc7 {looks sharper.} 16. f4 c5 17. dxc5 Bxc5 18. Bh7+ Nxh7 19. Nxd5 Bxe3+ 20. Nxe3 Qxc2 21. Nxc2 b5) 16. dxc5 $146 (16. Nxd5 $5 Nxd5 17. Bh7+ Kf8 18. dxc5 {[%mdl 64] Discovered Attack} Bxe5 19. Bxe5 $11) ({Predecessor:} 16. Ne2 cxd4 17. Nxd4 Nxd4 18. exd4 Qb6 19. Kh1 Be6 20. f3 Rac8 21. Qf2 {1-0 (43) Barbosa,E (2343)-Dias,S (2029) Rio de Janeiro 2011}) 16... Nxc5 17. Nf3 Bxh2+ 18. Nxh2 Nxd3 19. Qxd3 Be6 20. Nf3 Rc8 21. Rc1 Qe7 22. Nd4 Red8 23. Nce2 Ne4 24. Rxc8 Rxc8 25. f3 Nf6 26. Qd2 Qd6 27. Rc1 Rxc1+ 28. Qxc1 Bd7 29. Qc3 b6 30. b4 Ne8 31. Nf4 g5 32. Nfe2 Qc7 33. Qe1 Qe5 34. Qc3 (34. Qc1 {keeps more tension.} Nd6 35. f4 gxf4 36. exf4 Qe4 37. Qc7) 34... Qc7 35. Kf2 (35. Qd3 {with more complications.} Qc4 36. Qd2 Qc7 37. Nc3 Qc4 38. Qb2) 35... Qxc3 36. Nxc3 $11 {[%mdl 4096] Endgame KBN-KNN} Nc7 37. g4 Kf8 38. f4 f6 39. Nce2 ({Better is} 39. f5 $14) 39... Nb5 40. Nxb5 Bxb5 {KB-KN} 41. Nd4 Bd7 42. Kg3 Ke7 43. h4 Kf7 44. Nf3 {[%cal Rf4g5]} gxf4+ (44... Ke6 $11) 45. Kxf4 $14 Kg6 46. h5+ Kf7 47. Nd4 {Nf5 is the strong threat.} Kg7 48. Nf5+ Kh7 $1 49. a3 a5 ({Black should play} 49... Be6 $1 $14) 50. bxa5 ({White should try} 50. Kg3 $16) 50... bxa5 $11 51. Ne7 Be6 52. Nc6 a4 $1 53. Nd4 Bd7 54. Nf5 Bb5 55. Kf3 Bc4 56. Kf2 Bd3 57. Ne7 Be4 58. Kg3 Kg7 59. Kf4 Kh7 $2 (59... Kf8 $1 $11 60. Nc8 Bc2) 60. Nc8 $1 $18 Bc2 $2 {[#]} (60... Bd3 61. Nb6 Bb5 62. Nxd5 Kg7) 61. Nd6 $2 (61. Nb6 $1 $18 {[%cal Rb6d5]} Kg7 62. Nxd5) 61... Kg7 $11 62. Nb5 {White wants to play Nc7.} Bb3 63. Nd4 Bc4 $2 {[%mdl 8192]} (63... Kh7 $14 64. Kf5 Kg7) 64. Nf5+ $18 Kh7 {[#]} 65. Nd6 $1 {[%cal Rd6c4]} Bb3 66. Ne8 Kg8 67. Nxf6+ Kf7 68. Nd7 Ke6 69. Ne5 Kf6 70. Nf3 Bc2 71. Nd4 Bd1 72. Nf5 Bc2 73. Nxh6 Be4 74. Nf5 Bd3 75. g5+ Kf7 76. g6+ {White mates.} Kf6 77. g7 Kf7 78. h6 Kg8 79. Ne7+ {[%mdl 64] Double Attack. Accuracy: White = 60%, Black = 51%.} 1-0

[Event "Chinese Chess League 2019"]
[Site "Shen Yang"]
[Date "2019.12.04"]
[Round "19.21"]
[White "Xu, Minghui"]
[Black "Predke, Alexandr"]
[Result "0-1"]
[WhiteElo "2403"]
[BlackElo "2676"]
[Annotator "TA"]
[PlyCount "152"]
[EventDate "2019.04.09"]
[EventType "team-tourn"]
[EventCountry "CHN"]
[SourceTitle "playchess.com"]
[Source "ChessBase"]
[SourceQuality "1"]

{[%evp 17,152,19,24,17,13,0,0,0,16,0,0,0,6,3,12,10,18,16,27,-23,-23,-27,-31,-31,-31,-31,-31,-31,-31,-27,-36,-82,-41,-37,-22,-49,-51,-81,-69,-75,-82,-98,-90,-90,-85,-76,-34,-56,-33,-33,-18,-15,0,0,0,0,0,0,0,0,0,0,0,-8,-8,-8,-8,-114,0,0,-8,-8,0,0,0,0,0,0,0,-8,-8,-8,0,0,0,0,0,0,0,0,0,0,0,0,0,-8,-8,-8,-8,-8,-8,-8,-8,-8,-8,-144,-8,-175,-175,-168,-168,-29944,-29947,-29944,-8,-9974,-29955,-29947,-29953,-29956,-29961,-29958,-29966,-29969,-29971,-29971,-29972,-29976,-29977,-29978,-29966,-29976,-29977,-29977,-29978,-29977,-29978]} 1. d4 d5 2. Nf3 Nf6 3. c4 dxc4 4. e3 e6 5. Bxc4 c5 6. O-O Nc6 7. Nc3 a6 8. dxc5 Qxd1 9. Rxd1 Bxc5 10. Nd2 {D27: Queen's Gambit Accepted: Classical main line: 7 e4!? and 7 a4} (10. Bd2 {looks sharper.} O-O 11. Rac1 Bd7 12. Be2 Bb6 13. Na4) (10. b3 b5 11. Be2 Bb7 12. Bb2 O-O 13. Rac1 Be7 14. Ne1 Rac8 15. Kf1 Nb4 16. a4 bxa4 17. Nxa4 Rxc1 18. Rxc1 Bd5 19. Bc4 Ne4 20. Ke2 Bb7 {½-½ (34) Karjakin,S (2752)-Wei,Y (2736) Abidjan 2019}) 10... O-O 11. Nde4 Nxe4 12. Nxe4 {The position is equal.} Be7 13. Bd2 Rd8 $146 ({Predecessor:} 13... b5 14. Be2 Bb7 15. Rac1 Rac8 16. Nc5 Bxc5 17. Rxc5 Ne7 {½-½ (29) Feokistovs,D-Ong,K Cannes 1997}) 14. Be1 Bd7 15. Nd6 Rab8 16. Be2 Kf8 17. Rac1 e5 18. Bf3 (18. Ne4 {is interesting.} Bf5 19. Nc5 Rxd1 20. Bxd1 Bxc5 21. Rxc5 Rd8 22. Ba4) 18... Be6 19. Nxb7 Rxd1 20. Rxd1 Rxb7 21. Bxc6 Rxb2 22. a4 $1 Bb4 23. Bxb4+ Rxb4 $15 {[%mdl 4096] Endgame KRB-KRB} 24. h3 Ke7 25. a5 h6 26. Kf1 Rb3 27. Bd5 {[#]} Ra3 $1 28. Bxe6 Kxe6 {KR-KR} 29. Rd8 Rxa5 30. g4 Rd5 31. Ra8 Rd6 32. Ra7 e4 33. Kg2 g5 34. Kg3 f5 35. h4 gxh4+ 36. Kxh4 fxg4 37. Kxg4 Ke5 38. f4+ exf3 39. Kxf3 Rf6+ 40. Ke2 Kf5 41. Kf3 h5 42. Kg3 (42. Re7 $11 {keeps the balance.}) 42... Kg5 ({Better is} 42... Ke4 $17 43. Re7+ Kd3) 43. Rg7+ $11 Rg6 44. Rc7 Kh6+ 45. Kf4 Rf6+ 46. Kg3 Kg5 47. Rg7+ Rg6 48. Rc7 h4+ 49. Kh3 Rh6 50. Rc5+ Kf6 51. Rc6+ Kg7 52. Rc7+ $1 Kf8 53. e4 Ke8 54. e5 Kd8 55. Ra7 Kc8 56. e6 Rxe6 {next ...Kb8 is good for Black.} 57. Kxh4 Kb8 58. Rf7 Rg6 59. Kh5 Rg3 60. Kh4 Rg2 {Black wants to play ...a5.} 61. Kh3 {[#]} (61. Rf8+ $11 Kc7 62. Rf7+ Kc6 63. Rf6+ Kb5 64. Rf5+ Kb4 65. Rf4+ Kc5 66. Rf5+ Kb4 67. Rf4+ Kc5 68. Rf5+ Kc6 69. Rf6+ Kb7 70. Rf7+ Kc6 71. Rf6+) 61... Rg1 (61... Rg6 $1 $17 {And now ...a5 would win.} 62. Rf1 Ka7) 62. Kh4 $2 (62. Rf8+ $11 {and White has nothing to worry.} Kc7 63. Rf7+ Kb8 64. Rf8+ Kb7 65. Rf7+ Kc8 66. Rf8+ Kd7 67. Ra8) 62... a5 $19 {[%cal Ba6a5,Ba5a4][%mdl 32]} 63. Rf5 a4 64. Ra5 $2 (64. Rf2 $19) 64... Ra1 65. Kg3 Kb7 $2 (65... Kc7 {mates} 66. Kh3 Kb6 67. Ra8 a3 68. Kg3 Kb5 69. Kf3 Kb4 70. Rb8+ Kc3 71. Rc8+ Kb3 72. Rb8+ Ka2 73. Rg8 Kb3 74. Rb8+ Ka2 75. Ke2 Rb1 76. Rc8 Rb5 77. Kd2 Kb2 78. Rc2+ Kb3 79. Rc3+ Kb4 80. Kc2 a2 81. Rb3+ Ka4 82. Rxb5 a1=Q 83. Rf5 Qd4 84. Rf3 Kb4 85. Rd3 Qc5+ 86. Kd2 Qf2+ 87. Kd1 Kc4 88. Ra3 Qd4+ 89. Kc2 Qe5 90. Ra4+ Kb5 91. Ra3 Qe2+ 92. Kc3 Qe3+ 93. Kb2 Qd2+ 94. Kb3 Qd1+ 95. Kb2 Qd2+ 96. Kb3 Qd1+ 97. Kb2 Qd2+) 66. Kg2 $2 {[%mdl 8192]} (66. Kf3 $11) 66... Kb6 67. Ra8 {Black mates.} Kb5 68. Rb8+ Kc4 69. Rc8+ Kb3 70. Rb8+ Ka2 71. Kf2 Rb1 72. Ra8 a3 73. Ke2 Kb2 74. Kd3 Rd1+ 75. Ke2 Rd4 76. Rb8+ Kc3 {Accuracy: White = 49%, Black = 58%.} 0-1

[Event "Chinese Chess League 2019"]
[Site "Shen Yang"]
[Date "2019.12.04"]
[Round "19.22"]
[White "Zvjaginsev, Vadim"]
[Black "Wang, Hao"]
[Result "1/2-1/2"]
[WhiteElo "2626"]
[BlackElo "2752"]
[Annotator "TA"]
[PlyCount "60"]
[EventDate "2019.04.09"]
[EventType "team-tourn"]
[EventCountry "CHN"]
[SourceTitle "playchess.com"]
[Source "ChessBase"]
[SourceQuality "1"]

{[%evp 23,60,0,0,0,0,-2,0,0,0,-10,-9,-11,-6,-7,-9,-29,0,0,0,0,0,0,-2,-4,-12,-21,0,0,0,-9,-13,-34,0,-22,0,0,0,-14,0]} 1. Nf3 $146 ({Predecessor:} 1. d4 d5 2. c4 e6 3. Nc3 c6 4. e3 Nf6 5. Nf3 Nbd7 6. Qc2 Bd6 7. b3 O-O 8. Be2 b6 9. O-O Bb7 10. Rd1 Qe7 11. Bb2 Rfe8 12. Rac1 {½-½ (14) Seirawan,Y (2630)-Zvjaginsev,V (2650) Elista 1998}) 1... d5 2. e3 Nf6 3. c4 c6 4. Nc3 e6 5. b3 Bd6 6. Bb2 O-O 7. d4 Nbd7 8. Be2 b6 9. O-O Bb7 10. Qc2 Qe7 11. Rac1 Rac8 12. Rfd1 Rfe8 13. Qb1 {D45: Semi-Slav: 5 e3} a6 14. g3 Bb4 15. Qa1 dxc4 16. bxc4 c5 17. a3 Ba5 18. Nd2 cxd4 19. exd4 e5 20. d5 b5 21. cxb5 axb5 22. Bxb5 Bxc3 23. Bxc3 {[#] aiming for Bb4.} Bxd5 24. Bb4 Qe6 25. Rxc8 Rxc8 26. Rc1 Rb8 27. Bf1 Bb7 28. Bc4 {The position is equal.} Qh3 {[%csl Gb7][%cal Rh3g2] [#]} 29. Bf1 Qe6 30. Bc4 Qh3 {Accuracy: White = 73%, Black = 58%.} 1/2-1/2

[Event "Chinese Chess League 2019"]
[Site "Shen Yang"]
[Date "2019.12.04"]
[Round "19.23"]
[White "Lu, Shanglei"]
[Black "Xu, Yinglun"]
[Result "0-1"]
[WhiteElo "2611"]
[BlackElo "2554"]
[Annotator "TA"]
[PlyCount "92"]
[EventDate "2019.04.09"]
[EventType "team-tourn"]
[EventCountry "CHN"]
[SourceTitle "playchess.com"]
[Source "ChessBase"]
[SourceQuality "1"]

{[%evp 19,92,22,28,24,17,12,5,5,5,7,7,6,26,0,0,-35,29,35,36,35,87,79,75,50,89,62,91,65,74,59,69,59,114,107,151,138,147,150,174,154,158,149,238,265,292,261,294,275,344,270,275,272,270,281,268,268,281,281,265,82,85,75,85,75,83,81,81,83,112,25,25,29,29,10,10]} 1. e4 c5 2. Nf3 d6 3. d4 cxd4 4. Nxd4 Nf6 5. Nc3 a6 6. Be3 Ng4 7. Bg5 h6 8. Bh4 g5 9. Bg3 Bg7 10. h3 Ne5 11. f3 {B90: Sicilian Najdorf: Unusual White 6th moves, 6 Be3 Ng4 and 6 Be3 e5} (11. Nf5 Bxf5 12. exf5 Nbc6 13. Nd5 e6 14. fxe6 fxe6 15. Ne3 Qa5+ 16. c3 Nf3+ 17. gxf3 Bxc3+ 18. bxc3 Qxc3+ 19. Qd2 Qxa1+ {1-0 (32) Giri,A (2779)-Vachier Lagrave,M (2775) Paris 2019}) 11... Nbc6 {White must now prevent ...Nxd4.} 12. Bf2 Ng6 13. Qd2 Nxd4 14. Bxd4 Bxd4 15. Qxd4 Qa5 16. h4 gxh4 {[#]} 17. f4 $146 ({Predecessor:} 17. Rxh4 Qg5 18. Rh1 Be6 {½-½ (60) Inarkiev,E (2675)-Cheparinov,I (2678) Jermuk 2009}) 17... Rg8 (17... Bg4 $15) 18. f5 $11 Ne5 19. Rxh4 b5 ({Black should try} 19... Bd7 $14) 20. Rxh6 $16 Bb7 21. O-O-O $36 {[%mdl 2048] White fights for an advantage.} Rc8 22. Kb1 Qc7 23. Rh3 Qc5 24. Qd2 Kd7 25. a4 {[%cal Ra4b5]} b4 (25... Bc6 $1 $14) 26. Nd5 Rg4 27. f6 Bxd5 28. exd5 exf6 29. Bxa6 Rcg8 30. Bf1 Ra8 (30... Ke7 $16 {keeps fighting.} 31. Rh6 Ra8) 31. Be2 $18 Rg6 32. Bb5+ Ke7 33. Rh4 Rc8 34. Re1 Rcg8 35. Qxb4 Rxg2 36. Qxc5 dxc5 37. Rd1 Kd6 38. Rf4 Ng4 39. Bc6 $2 (39. Re1 $18 {and White stays clearly on top.}) 39... Ne3 $16 {[#]} 40. Rc1 $1 ({And not} 40. Rxf6+ Ke5 $17) 40... f5 {[#]} 41. a5 $1 {And now a6 would win.} Nxd5 42. Bxd5 Kxd5 43. Rxf5+ Kc6 44. c4 (44. Rf6+ $16 Kb5 45. a6 (45. Rxf7 Kxa5 46. Ka2 R8g7 $11)) 44... Rb8 $1 $11 {[%cal Rb8b2]} 45. Rf6+ Kd7 $1 46. Rd1+ Kc7 {[%mdl 32768] Accuracy: White = 63%, Black = 49%. . Sensor Board Error (Ke4/e5)?} 0-1